Daňová strata a jej odpočítanie

Právny rámec odpočtu daňovej straty. Účtovná a daňová strata. Odpočet daňovej straty fyzických osôb v roku, v ktorom vznikla. Podmienky odpočtu daňovej straty. Odpočet daňovej straty a hospodársky rok. Zánik daňovníka bez likvidácie a odpočet daňovej straty. Odpočet daňovej straty a verejná obchodná...

Descrizione completa

Salvato in:
Dettagli Bibliografici
Autore principale: Mintál, Ján
Natura: Capitolo di libro
Lingua:slovacco
Soggetti:
Tags: Aggiungi Tag
Nessun Tag, puoi essere il primo ad aggiungerne!!

MARC

LEADER 00000naa$a2200000$$$4500
001 0057624
005 20231127092815.4
041 0 |a slo 
044 |a SK 
245 1 0 |a Daňová strata a jej odpočítanie  |c Ján Mintál 
520 |a Právny rámec odpočtu daňovej straty. Účtovná a daňová strata. Odpočet daňovej straty fyzických osôb v roku, v ktorom vznikla. Podmienky odpočtu daňovej straty. Odpočet daňovej straty a hospodársky rok. Zánik daňovníka bez likvidácie a odpočet daňovej straty. Odpočet daňovej straty a verejná obchodná spoločnosť. Odpočet daňovej straty a komoditná spoločnosť. Príklady z praxe. 
610 2 0 |a dane z príjmov 
610 2 0 |a strata daňová 
610 2 0 |a odpočet straty 
610 2 0 |a daňovníci 
610 2 0 |a obdobie zdaňovacie 
610 2 0 |a osoby fyzické 
610 2 0 |a osoby právnické 
610 2 0 |a legislatíva 
100 1 |a Mintál, Ján